Music Quiz

Random Music or Lyrics Quiz

26 Songs from 1-to-26-Letter Clues Quiz Stats

Quiz not verified by Sporcle

Also try: Vogue Celebrities
Challenge
Share
Tweet
Embed
Score 0/26 Timer 06:00
0 Plays Today
Lyric Song % Correct
Polaroid pictureHey Ya! (OutKast)
62.9%
B-A-N-A-N-A-SHollaback Girl (Gwen Stefani)
62.4%
She's giving me excitationsGood Vibrations (The Beach Boys)
58.2%
Goodness graciousGreat Balls of Fire (Jerry Lee Lewis)
54.7%
Halfway thereLivin' on a Prayer (Bon Jovi)
50.4%
I've got all my life to liveI Will Survive (Gloria Gaynor)
49.7%
Jenny867-5309/Jenny (Tommy Tutone)
48.6%
Y.Y.M.C.A. (Village People)
44.7%
Tell me whyI Want It That Way (Backstreet Boys)
40.8%
Jupiter and MarsFly Me to the Moon (Frank Sinatra et al.)
38.2%
Hold 'emPoker Face (Lady Gaga)
35.7%
And the moon is the only lightStand By Me (Ben E. King)
34.3%
Lakes that you're used toWaterfalls (TLC)
33.8%
Lyric Song % Correct
Ten thousand spoonsIronic (Alanis Morissette)
33.3%
Give me a sign...Baby One More Time (Britney Spears)
31.6%
JojoGet Back (The Beatles)
30.6%
When angels deserve to dieChop Suey! (System of a Down)
28.9%
Hear the train a-comin'Folsom Prison Blues (Johnny Cash)
21.5%
I ain't freakin', I ain't fakin' thisShut Up and Let Me Go (The Ting Tings)
20%
Just a castawayMessage in a Bottle (The Police)
17.1%
Still I'm gonna miss youRuby Tuesday (The Rolling Stones)
12.9%
Hey!Rock and Roll (Gary Glitter)
10.5%
Aurora Borealis comes in viewI Ran (So Far Away) (A Flock of Seagulls)
10%
Ain't afraidGhostbusters (Ray Parker, Jr.)
4.1%
Turn it up!Bring the Noise (Public Enemy)
3.6%
ShIt's Oh So Quiet (Björk)
2%

You're not logged in!

Compare scores with friends on all Sporcle quizzes.
Join for Free
OR
Log In

You Might Also Like...

Show Comments

Extras

Top Quizzes Today


Score Distribution

Your Account Isn't Verified!

In order to create a playlist on Sporcle, you need to verify the email address you used during registration. Go to your Sporcle Settings to finish the process.

Report this User

Report this user for behavior that violates our Community Guidelines.

Details: